Of gardens and graves : (Record no. 143841)

MARC details
000 -LEADER
fixed length control field 00663nam a22001937a 4500
005 - DATE AND TIME OF LATEST TRANSACTION
control field 20170825150120.0
010 ## - LCCN (DPL NO)
LC control number ENG-120135
020 ## - INTERNATIONAL STANDARD BOOK NUMBER
Terms of availability 500.00
International Standard Book Number 9789383968039
035 ## - SYSTEM CONTROL NUMBER
System control number EN-103667
037 ## - SOURCE OF ACQUISITION
Source of stock number/acquisition DBAD/PUB
082 ## - DEWEY DECIMAL CLASSIFICATION NUMBER
Classification number 881
100 ## - MAIN ENTRY--PERSONAL NAME
Personal name Kaul, Suvir
245 ## - TITLE STATEMENT
Title Of gardens and graves :
Statement of responsibility, etc by Suvir Kaul ; Photographs by Javed Dar
Remainder of title essays on Kashmir poem in translation /
260 ## - PUBLICATION, DISTRIBUTION, ETC. (IMPRINT)
Place of publication, distribution, etc Gurgaon (Haryana)
Name of publisher, distributor, etc Three Essays Collective
Date of publication, distribution, etc 2015
270 ## - ADDRESS
Address B-957 Palam Vihar,
City Gurgaon (Haryana)
Postal code 122017
300 ## - PHYSICAL DESCRIPTION
Extent xii,244p. :
Dimensions 21cm(pbk)
Other physical details ill.
500 ## - GENERAL NOTE
General note Includes bibliographical references and index
942 ## - ADDED ENTRY ELEMENTS (KOHA)
Source of classification or shelving scheme Dewey Decimal Classification
Item type English Books
Classification part 881
Call number suffix KAU
Holdings
Withdrawn status Lost status Not for loan Collection code Home library Current library Date acquired Source of acquisition Cost, normal purchase price Full call number Barcode Copy number Cost, replacement price Koha item type
    Not For Loan Non-fiction D.B.Act.Division Bawana 25/08/2017 DBAD/PUB 500.00 881 KAU EN-103667 1 500.00 English Books

© Delhi Public Library
Hit Counter
free hit counter